[Event "Isle of Wight International"]
[Site "Ryde"]
[Date "2025.02.20"]
[Round "4.49"]
[White "Ng, Jun Fung Isaac"]
[Black "Chilton, James I"]
[Result "1-0"]
[WhiteElo "2034"]
[BlackElo "1799"]
[PlyCount "65"]
[EventDate "2025.02.18"]
[EventType "swiss"]
[EventRounds "9"]
[EventCountry "ENG"]
[SourceTitle "BritBase"]
[Source "John Saunders"]
[SourceDate "2025.02.21"]
[SourceVersion "1"]
[SourceVersionDate "2025.02.21"]
[SourceQuality "1"]

1. c4 e5 2. g3 Nf6 3. Bg2 Bc5 4. Nc3 O-O 5. e3 c6 6. Nge2 d6 7. O-O Bf5 8. d4 Bb6 9. b3 Nbd7 10. Ba3 Bc7 11. dxe5 Nxe5 12. Nd4 Bg6 13. h3 h6 14. g4 Ba5 15. Nce2 Re8 16. Nf4 Bc3 17. Rc1 Qa5 18. Bxd6 Bb2 19. Nxg6 Nxg6 20. Rc2 Bxd4 21. Qxd4 Nh4 22. Bh1 Rad8 23. c5 h5 24. g5 Nf5 25. Qf4 Nxd6 26. gxf6 Re6 27. fxg7 Rg6+ 28. Kh2 Ne8 29. Be4 Rf6 30. Qg5 Qc7+ 31. f4 Qd7 32. Bh7+ Kxh7 33. g8=Q# 1-0

[Event "Isle of Wight International"]
[Site "Ryde"]
[Date "2025.02.20"]
[Round "4.50"]
[White "Vashisht-Pigem, Raman"]
[Black "Pai, Sidhanth"]
[Result "0-1"]
[WhiteElo "2023"]
[BlackElo "1746"]
[PlyCount "48"]
[EventDate "2025.02.18"]
[EventType "swiss"]
[EventRounds "9"]
[EventCountry "ENG"]
[SourceTitle "BritBase"]
[Source "John Saunders"]
[SourceDate "2025.02.21"]
[SourceVersion "1"]
[SourceVersionDate "2025.02.21"]
[SourceQuality "1"]

1. e4 c5 2. Nf3 e6 3. d4 cxd4 4. Nxd4 a6 5. Bd3 Nf6 6. O-O Qc7 7. c4 d6 8. Nc3 g6 9. Be3 Bg7 10. h3 O-O 11. f4 Nbd7 12. Rc1 b6 13. b3 Bb7 14. f5 Rfe8 15. fxe6 fxe6 16. Qc2 Nc5 17. Kh1 Rac8 18. Rf2 d5 19. exd5 exd5 20. Bf4 Qd7 21. Rd2 Nh5 22. Nde2 d4 23. Kg1 dxc3 24. Rdd1 Qc6 0-1

[Event "Isle of Wight International"]
[Site "Ryde"]
[Date "2025.02.20"]
[Round "4.51"]
[White "Kennedy, Craig"]
[Black "Hagesaether, Arne"]
[Result "0-1"]
[WhiteElo "1879"]
[BlackElo "1993"]
[PlyCount "60"]
[EventDate "2025.02.18"]
[EventType "swiss"]
[EventRounds "9"]
[EventCountry "ENG"]
[SourceTitle "BritBase"]
[Source "John Saunders"]
[SourceDate "2025.02.21"]
[SourceVersion "1"]
[SourceVersionDate "2025.02.21"]
[SourceQuality "1"]

1. e4 c6 2. d3 d5 3. Be2 Nd7 4. Nf3 dxe4 5. dxe4 e5 6. Be3 Ngf6 7. Nfd2 Bc5 8. Bxc5 Nxc5 9. Nc3 O-O 10. O-O Qc7 11. Bc4 b5 12. Bd3 b4 13. Ne2 Rd8 14. Ng3 Nxd3 15. cxd3 Ba6 16. Re1 Rxd3 17. Qc2 Rad8 18. Ndf1 g6 19. Qc1 Qd6 20. Qg5 Ne8 21. Nf5 Qe6 22. N1e3 f6 23. Nh6+ Kh8 24. Qh4 R8d4 25. Nc2 Rc4 26. Ne3 g5 27. Qh5 Rxe4 28. Nef5 Rxe1+ 29. Rxe1 Rd7 30. h4 Bd3 0-1

[Event "Isle of Wight International"]
[Site "Ryde"]
[Date "2025.02.20"]
[Round "4.52"]
[White "Sasikumar, Srivathsan"]
[Black "Mittal, Advik"]
[Result "0-1"]
[WhiteElo "1992"]
[BlackElo "1732"]
[PlyCount "150"]
[EventDate "2025.02.18"]
[EventType "swiss"]
[EventRounds "9"]
[EventCountry "ENG"]
[SourceTitle "BritBase"]
[Source "John Saunders"]
[SourceDate "2025.02.21"]
[SourceVersion "1"]
[SourceVersionDate "2025.02.21"]
[SourceQuality "1"]

1. e4 e5 2. Nc3 Nf6 3. f4 d5 4. fxe5 Nxe4 5. Qf3 Nxc3 6. bxc3 c5 7. Bb5+ Bd7 8. Bxd7+ Qxd7 9. Ne2 Nc6 10. Nf4 O-O-O 11. d4 cxd4 12. cxd4 Nxd4 13. Qc3+ Nc6 14. O-O Bb4 15. Qg3 Bc5+ 16. Be3 Bxe3+ 17. Qxe3 Rde8 18. Nd3 b6 19. Qg3 Rhg8 20. Rac1 Re6 21. c4 Rg6 22. Qf3 d4 23. c5 b5 24. Rb1 a6 25. a4 Rd8 26. axb5 axb5 27. Rxb5 Qd5 28. Qxd5 Rxd5 29. Nf4 Rxe5 30. Nxg6 fxg6 31. Ra1 Kd7 32. Ra6 d3 33. Kf2 Kc7 34. Ra2 Nd4 35. Rb6 Rxc5 36. Ke3 Nf5+ 37. Kxd3 Kxb6 38. Rf2 Rd5+ 39. Ke4 Rd7 40. Ke5 Re7+ 41. Kd5 Kc7 42. Ra2 Kd8 43. Ra8+ Kd7 44. g3 Ne3+ 45. Kd4 Ng4 46. h3 Nf6 47. g4 h6 48. Rb8 Ke6 49. Ke3 Kf7+ 50. Kf3 g5 51. Rb5 Kg6 52. Ra5 Rd7 53. Ra6 h5 54. gxh5+ Kxh5 55. Kg3 Rd3+ 56. Kg2 g4 57. hxg4+ Kxg4 58. Ra4+ Kf5 59. Kf2 g5 60. Ke2 Rb3 61. Kf2 Ne4+ 62. Kg2 Kf4 63. Ra2 g4 64. Rc2 Rd3 65. Rc8 Rd2+ 66. Kf1 Kg3 67. Rc4 Kf3 68. Ke1 Re2+ 69. Kd1 Nf2+ 70. Kc1 g3 71. Rc3+ Kg2 72. Ra3 Kh2 73. Ra8 g2 74. Rh8+ Nh3 75. Kd1 Ra2 0-1

[Event "Isle of Wight International"]
[Site "Ryde"]
[Date "2025.02.20"]
[Round "4.53"]
[White "Mokhber-Garcia, Sebastian"]
[Black "Buchwald, Filip"]
[Result "0-1"]
[WhiteElo "1974"]
[BlackElo "1636"]
[PlyCount "150"]
[EventDate "2025.02.18"]
[EventType "swiss"]
[EventRounds "9"]
[EventCountry "ENG"]
[SourceTitle "BritBase"]
[Source "John Saunders"]
[SourceDate "2025.02.21"]
[SourceVersion "1"]
[SourceVersionDate "2025.02.21"]
[SourceQuality "1"]

1. e4 e6 2. Nf3 d5 3. Nc3 c5 4. d3 dxe4 5. Nxe4 Nf6 6. Nxf6+ Qxf6 7. g3 Bd6 8. Bg2 Nc6 9. O-O h6 10. Nd2 Qg6 11. Ne4 Be7 12. Be3 c4 13. dxc4 O-O 14. c3 f5 15. Nd2 e5 16. f4 e4 17. c5 Be6 18. b4 Bf6 19. Qc2 Rad8 20. Rae1 Rd3 21. Nb1 Qf7 22. Rf2 h5 23. Bf1 Rd7 24. h3 h4 25. g4 fxg4 26. hxg4 Bxg4 27. Qxe4 Re8 28. Qc2 Rde7 29. Qc1 h3 30. Kh2 Bh4 31. Qd2 Bxf2 32. Qxf2 Qd5 33. Nd2 Qh5 34. Nc4 Rf8 35. Qg3 g5 36. fxg5 Rf3 37. Qg1 Qh4 38. Re2 Ref7 39. Nd2 Rxf1 40. Nxf1 Bxe2 41. Qg3 Qxg3+ 42. Nxg3 Rf3 43. Bg1 Bf1 44. Nh5 Rxc3 45. Nf4 Rc2+ 46. Kg3 Rxa2 47. g6 Nxb4 48. Bh2 Nd3 49. Nh5 Rxh2 50. Kxh2 Nxc5 51. Ng3 Bd3 52. Nh5 Bxg6 53. Nf6+ Kf7 54. Nd5 Be4 55. Nc3 Bg2 56. Kg3 Ne4+ 57. Kh2 Nxc3 58. Kg3 h2 59. Kxh2 a5 60. Kg1 a4 61. Kh2 a3 62. Kg1 a2 63. Kh2 Bc6 64. Kg3 a1=Q 65. Kf4 Qe1 66. Kf5 Qe6+ 67. Kf4 Kf6 68. Kg3 Ba4 69. Kf4 Qe5+ 70. Kf3 Qe4+ 71. Kf2 Kg5 72. Kg3 Qe3+ 73. Kg2 Kg4 74. Kh1 Qe2 75. Kg1 Kg3 0-1

[Event "Isle of Wight International"]
[Site "Ryde"]
[Date "2025.02.20"]
[Round "4.54"]
[White "Fathallah, Joe"]
[Black "Moseley, Alan"]
[Result "0-1"]
[WhiteElo "2044"]
[BlackElo "1740"]
[PlyCount "88"]
[EventDate "2025.02.18"]
[EventType "swiss"]
[EventRounds "9"]
[EventCountry "ENG"]
[SourceTitle "BritBase"]
[Source "John Saunders"]
[SourceDate "2025.02.21"]
[SourceVersion "1"]
[SourceVersionDate "2025.02.21"]
[SourceQuality "1"]

1. d4 e6 2. c4 b6 3. Nf3 Bb7 4. g3 Bb4+ 5. Bd2 Bxf3 6. exf3 Bxd2+ 7. Nxd2 Nf6 8. Bg2 d5 9. f4 O-O 10. O-O Nc6 11. cxd5 exd5 12. Nf3 Ne7 13. b4 c6 14. Rc1 Qd6 15. Ne5 Qxb4 16. Nxc6 Nxc6 17. Rxc6 Rac8 18. Rxf6 gxf6 19. Bh3 f5 20. Bxf5 Rc6 21. Re1 Qc3 22. Bd7 Rd6 23. Re3 Qc7 24. Bf5 Qd8 25. Qh5 h6 26. g4 Qf6 27. Rg3 Kh8 28. Bd3 Qg7 29. g5 f5 30. gxf6 Qxf6 31. Bg6 Qxf4 32. Qe2 Rg8 33. Qh5 Qc1+ 34. Kg2 Qf4 35. Kg1 Qf8 36. Qe5+ Qf6 37. Bd3 Rxg3+ 38. hxg3 Kg7 39. Qe8 Rd8 40. Qa4 a5 41. f4 Qe6 42. Qd1 Re8 43. Qc2 Re7 44. Qg2 Qe3+ 0-1

[Event "Isle of Wight International"]
[Site "Ryde"]
[Date "2025.02.20"]
[Round "4.55"]
[White "Sivanesan, Subramanian"]
[Black "Yu, Rock"]
[Result "0-1"]
[WhiteElo "1894"]
[BlackElo "1980"]
[PlyCount "67"]
[EventDate "2025.02.18"]
[EventType "swiss"]
[EventRounds "9"]
[EventCountry "ENG"]
[SourceTitle "BritBase"]
[Source "John Saunders"]
[SourceDate "2025.02.21"]
[SourceVersion "1"]
[SourceVersionDate "2025.02.21"]
[SourceQuality "1"]

1. e4 Nf6 2. e5 Nd5 3. d4 d6 4. Nf3 dxe5 5. Nxe5 c6 6. Be2 Bf5 7. O-O Nd7 8. f4 Nxe5 9. fxe5 e6 10. a3 Qd7 11. c4 Nc7 12. Be3 O-O-O 13. Qa4 a6 14. Nc3 Be7 15. b4 f6 16. Rfd1 b5 17. Qb3 Qe8 18. cxb5 axb5 19. a4 fxe5 20. axb5 exd4 21. Bxd4 e5 22. Bb6 Rxd1+ 23. Bxd1 Qd7 24. bxc6 Qxc6 25. Bxc7 Be6 26. Qa3 Kxc7 27. Qa7+ Kd8 28. Qa8+ Qc8 29. Bf3 Rf8 30. Qa4 Qxc3 31. Rd1+ Bd6 32. Rxd6+ Ke7 33. Qd1 Qxb4 34. Rc6 0-1

[Event "Isle of Wight International"]
[Site "Ryde"]
[Date "2025.02.20"]
[Round "4.56"]
[White "Maton, Emily"]
[Black "Patel, Keatan"]
[Result "1/2-1/2"]
[WhiteElo "1886"]
[BlackElo "1957"]
[PlyCount "49"]
[EventDate "2025.02.18"]
[EventType "swiss"]
[EventRounds "9"]
[EventCountry "ENG"]
[SourceTitle "BritBase"]
[Source "John Saunders"]
[SourceDate "2025.02.21"]
[SourceVersion "1"]
[SourceVersionDate "2025.02.21"]
[SourceQuality "1"]

1. d4 d5 2. Nf3 Nf6 3. Bf4 e6 4. e3 Bd6 5. Ne5 O-O 6. Nd2 c5 7. c3 Qc7 8. Bd3 Nc6 9. Ndf3 b6 10. Nxc6 Qxc6 11. Bxd6 Qxd6 12. Ne5 h6 13. g4 cxd4 14. exd4 Nd7 15. Qe2 f6 16. Nxd7 Bxd7 17. h4 e5 18. dxe5 Qxe5 19. Qxe5 fxe5 20. Be2 Rf4 21. g5 Bg4 22. Bxg4 Rxg4 23. gxh6 gxh6 24. O-O-O Rd8 25. Rde1 1/2-1/2

[Event "Isle of Wight International"]
[Site "Ryde"]
[Date "2025.02.20"]
[Round "4.57"]
[White "Ward, Cian"]
[Black "Looi, Xin Hao"]
[Result "0-1"]
[WhiteElo "1866"]
[BlackElo "2043"]
[PlyCount "112"]
[EventDate "2025.02.18"]
[EventType "swiss"]
[EventRounds "9"]
[EventCountry "ENG"]
[SourceTitle "BritBase"]
[Source "John Saunders"]
[SourceDate "2025.02.21"]
[SourceVersion "1"]
[SourceVersionDate "2025.02.21"]
[SourceQuality "1"]

1. e4 c6 2. Nc3 d5 3. Nf3 Nf6 4. e5 Ne4 5. d4 Nxc3 6. bxc3 c5 7. Bd3 Nc6 8. h3 c4 9. Be2 Bf5 10. Nh4 Bd7 11. f4 e6 12. Nf3 Be7 13. O-O g6 14. a4 Qa5 15. Qd2 h6 16. Ba3 Bxa3 17. Rxa3 Ne7 18. g4 b5 19. Rfa1 bxa4 20. Rb1 Qc7 21. Ra2 a6 22. Rab2 Bb5 23. Nh4 Kd7 24. f5 gxf5 25. gxf5 Rag8+ 26. Kh2 Rg5 27. Rf1 Rhg8 28. fxe6+ fxe6 29. Rbb1 Kc8 30. Bg4 Bd7 31. Rf6 Nf5 32. Bxf5 exf5 33. Rxa6 Bc6 34. Rab6 R8g7 35. Qf4 Kd7 36. Nf3 Rg2+ 37. Kh1 Ke6 38. Qxh6+ R2g6 39. Qf4 a3 40. Ra6 Kf7 41. e6+ Kg8 42. Ne5 Rxe6 43. Rxa3 Rxe5 44. Qxe5 Qxe5 45. dxe5 d4+ 46. Kh2 Rg2+ 47. Kh1 d3 48. Rg1 d2 49. Raa1 Rxg1+ 50. Kxg1 Bf3 51. Kf2 d1=Q 52. Rxd1 Bxd1 53. Ke3 Kf7 54. Kd4 Be2 55. Ke3 Bh5 56. Kd4 f4 0-1

[Event "Isle of Wight International"]
[Site "Ryde"]
[Date "2025.02.20"]
[Round "4.58"]
[White "Smith, Steve"]
[Black "Lukhi, Neev"]
[Result "1/2-1/2"]
[WhiteElo "1867"]
[BlackElo "1963"]
[PlyCount "76"]
[EventDate "2025.02.18"]
[EventType "swiss"]
[EventRounds "9"]
[EventCountry "ENG"]
[SourceTitle "BritBase"]
[Source "John Saunders"]
[SourceDate "2025.02.21"]
[SourceVersion "1"]
[SourceVersionDate "2025.02.21"]
[SourceQuality "1"]

1. e4 e6 2. d4 d5 3. e5 c5 4. c3 Nc6 5. Nf3 Qb6 6. a3 c4 7. Nbd2 Bd7 8. Be2 Na5 9. O-O Ne7 10. g3 h6 11. Nh4 O-O-O 12. Ng2 g6 13. Ne3 Bg7 14. Bg4 f5 15. exf6 Bxf6 16. Bh3 h5 17. Bg2 g5 18. h3 Bc6 19. Qe2 Ng6 20. Nc2 Bd7 21. Rb1 Nb3 22. Nxb3 cxb3 23. Ne1 Bb5 24. Nd3 e5 25. Qf3 Bxd3 26. Qxd3 e4 27. Qe2 Kb8 28. Be3 Ka8 29. f3 exf3 30. Qxf3 Be7 31. Rbe1 Qd6 32. Bf2 h4 33. g4 Nf4 34. Qd1 Rhf8 35. Qd2 Qf6 36. Be3 Bd6 37. Bf2 Be7 38. Bf3 Qd6 1/2-1/2

[Event "Isle of Wight International"]
[Site "Ryde"]
[Date "2025.02.20"]
[Round "4.59"]
[White "Sui, Yueyue"]
[Black "Zhu, Pengxiao"]
[Result "0-1"]
[WhiteElo "1805"]
[BlackElo "1922"]
[PlyCount "118"]
[EventDate "2025.02.18"]
[EventType "swiss"]
[EventRounds "9"]
[EventCountry "ENG"]
[SourceTitle "BritBase"]
[Source "John Saunders"]
[SourceDate "2025.02.21"]
[SourceVersion "1"]
[SourceVersionDate "2025.02.21"]
[SourceQuality "1"]

1. d4 Nf6 2. c4 e6 3. Nc3 Bb4 4. Qc2 O-O 5. e4 d5 6. e5 Ne4 7. Bd3 c5 8. a3 Bxc3+ 9. bxc3 Nc6 10. Ne2 cxd4 11. cxd4 Qa5+ 12. Bd2 Nxd2 13. Qxd2 dxc4 14. Bxc4 Qxd2+ 15. Kxd2 Rd8 16. Ke3 b6 17. Rhd1 Bb7 18. g4 Rac8 19. Rac1 g6 20. Ba2 Na5 21. Nf4 Ba6 22. d5 Bc4 23. Bxc4 Nxc4+ 24. Ke4 exd5+ 25. Nxd5 Kg7 26. a4 Nd2+ 27. Ke3 Rxc1 28. Rxc1 Rxd5 29. Rc7 Nb3 30. f4 Nc5 31. Rxa7 Rd3+ 32. Ke2 Ra3 33. f5 gxf5 34. gxf5 Rxa4 35. Rc7 Re4+ 36. Kd2 Rxe5 37. Rc6 b5 38. Kc3 Rxf5 39. Kb4 Ne6 40. Rc2 Rf4+ 41. Ka5 b4 42. Rb2 h5 43. Rxb4 Rxb4 44. Kxb4 Kg6 45. Kc4 f5 46. Kd5 f4 47. Ke4 Kg5 48. Kf3 Nd4+ 49. Kf2 f3 50. Kg3 Kf5 51. Kf2 Kf4 52. Kf1 Ke3 53. h4 f2 54. Kg2 Ke2 55. Kg3 f1=Q 56. Kh2 Qf4+ 57. Kh3 Qg4+ 58. Kh2 Nf3+ 59. Kh1 Qh3# 0-1

[Event "Isle of Wight International"]
[Site "Ryde"]
[Date "2025.02.20"]
[Round "4.60"]
[White "Buckland, Louis"]
[Black "Jacobs, Simon"]
[Result "1-0"]
[WhiteElo "1919"]
[BlackElo "1775"]
[PlyCount "55"]
[EventDate "2025.02.18"]
[EventType "swiss"]
[EventRounds "9"]
[EventCountry "ENG"]
[SourceTitle "BritBase"]
[Source "John Saunders"]
[SourceDate "2025.02.21"]
[SourceVersion "1"]
[SourceVersionDate "2025.02.21"]
[SourceQuality "1"]

1. d4 d5 2. c4 c6 3. Nf3 Nf6 4. Qb3 dxc4 5. Qxc4 Bf5 6. g3 e6 7. Bg2 Nbd7 8. O-O Bd6 9. Nc3 O-O 10. Bg5 h6 11. Bxf6 Nxf6 12. Rfd1 Qe7 13. Nd2 Bh7 14. Nde4 Nxe4 15. Nxe4 Bxe4 16. Bxe4 Bc7 17. b4 Rab8 18. Rac1 Bb6 19. a4 Qd7 20. a5 Bd8 21. e3 a6 22. Qe2 Rc8 23. h4 Bf6 24. Bc2 Rc7 25. Qd3 g6 26. h5 Re8 27. hxg6 fxg6 28. Qxg6+ 1-0

[Event "Isle of Wight International"]
[Site "Ryde"]
[Date "2025.02.20"]
[Round "4.61"]
[White "McMahon, Paul"]
[Black "Li, Harvey"]
[Result "1/2-1/2"]
[WhiteElo "1919"]
[BlackElo "1766"]
[PlyCount "63"]
[EventDate "2025.02.18"]
[EventType "swiss"]
[EventRounds "9"]
[EventCountry "ENG"]
[SourceTitle "BritBase"]
[Source "John Saunders"]
[SourceDate "2025.02.21"]
[SourceVersion "1"]
[SourceVersionDate "2025.02.21"]
[SourceQuality "1"]

1. e4 e6 2. d4 d5 3. exd5 exd5 4. Nf3 Nf6 5. Bd3 Bg4 6. O-O Be7 7. Bg5 O-O 8. Nbd2 Nbd7 9. Re1 Re8 10. c3 c6 11. Qc2 Qc7 12. Bxh7+ Nxh7 13. Bxe7 Nb6 14. Bh4 Bxf3 15. Nxf3 Nc4 16. b3 Nd6 17. Bg3 Nf6 18. Rxe8+ Rxe8 19. Re1 Rxe1+ 20. Nxe1 Qe7 21. Kf1 Nde4 22. Be5 Ng4 23. Nd3 Nexf2 24. Qe2 Nxd3 25. Qxg4 Nxe5 26. dxe5 Qxe5 27. Qc8+ Kh7 28. Qxb7 Qxc3 29. Qxa7 Qf6+ 30. Ke2 d4 31. Qc5 Qe6+ 32. Kf1 1/2-1/2

[Event "Isle of Wight International"]
[Site "Ryde"]
[Date "2025.02.20"]
[Round "5.1"]
[White "Camacho Collados, Marcos"]
[Black "Gormally, Daniel W"]
[Result "1/2-1/2"]
[WhiteElo "2459"]
[BlackElo "2435"]
[PlyCount "84"]
[EventDate "2025.02.18"]
[EventType "swiss"]
[EventRounds "9"]
[EventCountry "ENG"]
[SourceTitle "BritBase"]
[Source "John Saunders"]
[SourceDate "2025.02.21"]
[SourceVersion "1"]
[SourceVersionDate "2025.02.21"]
[SourceQuality "1"]

1. e4 c5 2. Nf3 d6 3. Bb5+ Bd7 4. Bxd7+ Nxd7 5. O-O Ngf6 6. Re1 e6 7. c3 Be7 8. d4 cxd4 9. cxd4 d5 10. e5 Ne4 11. a3 O-O 12. Qd3 Rc8 13. Nbd2 Nxd2 14. Bxd2 Re8 15. g3 Qb6 16. h4 Qa6 17. Qxa6 bxa6 18. Rec1 f6 19. exf6 gxf6 20. Bf4 Kf7 21. h5 a5 22. a4 Bb4 23. Kg2 Ke7 24. Rxc8 Rxc8 25. Rc1 Rxc1 26. Bxc1 e5 27. Be3 a6 28. g4 Bd6 29. Nh4 Ke6 30. Nf5 Bc7 31. Bd2 Nb8 32. Kf3 Nc6 33. Bc3 Bb6 34. Ke3 Ne7 35. Nxe7 Kxe7 36. f4 e4 37. Be1 Kf7 38. Bh4 Bc7 39. Be1 f5 40. g5 Kg7 41. Bd2 Bb6 42. Bc3 Bc7 1/2-1/2

[Event "Isle of Wight International"]
[Site "Ryde"]
[Date "2025.02.20"]
[Round "5.2"]
[White "Fava, Lorenzo"]
[Black "Cheng, Bobby Sky"]
[Result "0-1"]
[WhiteElo "2269"]
[BlackElo "2594"]
[PlyCount "50"]
[EventDate "2025.02.18"]
[EventType "swiss"]
[EventRounds "9"]
[EventCountry "ENG"]
[SourceTitle "BritBase"]
[Source "John Saunders"]
[SourceDate "2025.02.21"]
[SourceVersion "1"]
[SourceVersionDate "2025.02.21"]
[SourceQuality "1"]

1. Nf3 d5 2. e3 Nf6 3. c4 e6 4. b3 Bd6 5. Bb2 O-O 6. Be2 b6 7. Nc3 Bb7 8. Rc1 a6 9. cxd5 exd5 10. O-O Nbd7 11. Rc2 Re8 12. Qa1 Rc8 13. d4 Qe7 14. Rfc1 c5 15. dxc5 bxc5 16. Na4 Ng4 17. Re1 d4 18. Bxa6 Bxa6 19. exd4 Bxh2+ 20. Kh1 Qf6 21. dxc5 Qh6 22. Qd1 Nde5 23. Bxe5 Bxe5+ 24. Kg1 Bh2+ 25. Kh1 Red8 0-1

[Event "Isle of Wight International"]
[Site "Ryde"]
[Date "2025.02.20"]
[Round "5.3"]
[White "Zhou, Yang-Fan"]
[Black "Kreken, Eivind Grunt"]
[Result "1/2-1/2"]
[WhiteElo "2427"]
[BlackElo "2285"]
[PlyCount "69"]
[EventDate "2025.02.18"]
[EventType "swiss"]
[EventRounds "9"]
[EventCountry "ENG"]
[SourceTitle "BritBase"]
[Source "John Saunders"]
[SourceDate "2025.02.21"]
[SourceVersion "1"]
[SourceVersionDate "2025.02.21"]
[SourceQuality "1"]

1. e4 c5 2. Nf3 e6 3. d4 cxd4 4. Nxd4 Nc6 5. Nc3 Bc5 6. Ndb5 Nf6 7. Bf4 O-O 8. Bc7 Qe7 9. Bd6 Bxd6 10. Qxd6 Qd8 11. O-O-O a6 12. Nd4 Ne7 13. Qg3 b5 14. e5 Nfd5 15. Nxd5 Nxd5 16. Nf5 exf5 17. Rxd5 Bb7 18. Rd1 Qe7 19. Bd3 Qe6 20. Kb1 Rfe8 21. Rhe1 d6 22. f4 Rad8 23. Qg5 g6 24. g4 f6 25. Qh6 Be4 26. gxf5 Bxf5 27. Bxf5 Qxf5 28. exd6 Rxe1 29. Rxe1 Rc8 30. Rc1 Qe6 31. f5 Qxf5 32. Qd2 Rd8 33. Rd1 Rd7 34. Qc3 Rxd6 35. Re1 1/2-1/2

[Event "Isle of Wight International"]
[Site "Ryde"]
[Date "2025.02.20"]
[Round "5.4"]
[White "Spence, David J"]
[Black "Badacsonyi, Stanley"]
[Result "0-1"]
[WhiteElo "2181"]
[BlackElo "2307"]
[PlyCount "137"]
[EventDate "2025.02.18"]
[EventType "swiss"]
[EventRounds "9"]
[EventCountry "ENG"]
[SourceTitle "BritBase"]
[Source "John Saunders"]
[SourceDate "2025.02.21"]
[SourceVersion "1"]
[SourceVersionDate "2025.02.21"]
[SourceQuality "1"]

1. e4 e5 2. Nf3 Nc6 3. Bc4 Nf6 4. Ng5 d5 5. exd5 Na5 6. Bb5+ c6 7. dxc6 bxc6 8. Bd3 Nd5 9. Nf3 Bd6 10. O-O O-O 11. Re1 f5 12. Nxe5 Qf6 13. Nf3 g5 14. g3 f4 15. Nc3 fxg3 16. hxg3 Qxf3 17. Qxf3 Rxf3 18. Be4 Rf5 19. d3 h6 20. Bxf5 Bxf5 21. Bd2 Nb7 22. Nxd5 cxd5 23. Bc3 Rc8 24. Kg2 Kf7 25. Re2 h5 26. Rae1 h4 27. Be5 h3+ 28. Kf3 Bb4 29. Bc3 Bd6 30. g4 Bd7 31. Be5 Bb4 32. c3 Bf8 33. d4 Nd6 34. Rh1 Bb5 35. Ree1 Bd3 36. Rxh3 Nc4 37. Kg2 Be4+ 38. f3 Bg6 39. b3 Nb2 40. f4 gxf4 41. Bxf4 Nd3 42. Rf1 Be4+ 43. Kg1 Nxf4 44. Rxf4+ Kg6 45. Rh8 Kg7 46. Rh3 Bd6 47. Rf2 Re8 48. Kf1 Rc8 49. Ke2 a5 50. Kd2 Be7 51. Kc1 a4 52. Kb2 a3+ 53. Kc1 Re8 54. Rh5 Kg6 55. Re5 Bg5+ 56. Kd1 Rh8 57. Re6+ Kg7 58. c4 Rh1+ 59. Ke2 Ra1 60. Ra6 Rxa2+ 61. Kf1 Ra1+ 62. Ke2 Bh4 63. Ra7+ Kg6 64. Ra6+ Kg5 65. Rf7 Kxg4 66. cxd5 Bg5 67. Rg7 Ra2+ 68. Ke1 Kf4 69. d6 0-1

[Event "Isle of Wight International"]
[Site "Ryde"]
[Date "2025.02.20"]
[Round "5.5"]
[White "Rzepka, Marcin"]
[Black "Prado, Alexandra"]
[Result "1-0"]
[WhiteElo "1750"]
[BlackElo "1938"]
[PlyCount "109"]
[EventDate "2025.02.18"]
[EventType "swiss"]
[EventRounds "9"]
[EventCountry "ENG"]
[SourceTitle "BritBase"]
[Source "John Saunders"]
[SourceDate "2025.02.21"]
[SourceVersion "1"]
[SourceVersionDate "2025.02.21"]
[SourceQuality "1"]

1. d4 Nf6 2. c4 g6 3. Nc3 Bg7 4. e4 d6 5. Be2 O-O 6. Nf3 e5 7. O-O Nc6 8. d5 Ne7 9. Kh1 Ne8 10. Rg1 f5 11. exf5 Nxf5 12. g4 Nd4 13. Nxd4 exd4 14. Ne4 Qe7 15. Bd3 Be5 16. Bg5 Qf7 17. f4 Bxf4 18. Rf1 Qd7 19. Rxf4 Rxf4 20. Bxf4 Qxg4 21. Qxg4 Bxg4 22. Rf1 Bh3 23. Rf2 Ng7 24. Rf3 Bf5 25. Nf6+ Kh8 26. Bxf5 Nxf5 27. Rh3 Kg7 28. Ne4 h6 29. Ng3 Nxg3+ 30. Bxg3 Rf8 31. Kg2 b5 32. Bf2 bxc4 33. Bxd4+ Kh7 34. Rc3 Rf5 35. Rxc4 Rxd5 36. Rxc7+ Kg8 37. Bc3 Rg5+ 38. Kh1 a5 39. Ra7 a4 40. Rxa4 Kf7 41. Rb4 Ke6 42. a4 Rd5 43. Rb7 Rd1+ 44. Kg2 d5 45. Rb4 Kd6 46. a5 h5 47. Ra4 Kc7 48. a6 Kb8 49. a7+ Ka8 50. Bd4 Rc1 51. Rb4 Rc2+ 52. Kh3 Rc8 53. Kh4 g5+ 54. Kxh5 g4 55. Rb8+ 1-0

[Event "Isle of Wight International"]
[Site "Ryde"]
[Date "2025.02.20"]
[Round "5.6"]
[White "Bogner, Sebastian"]
[Black "Radeva, Viktoria"]
[Result "1-0"]
[WhiteElo "2540"]
[BlackElo "2303"]
[PlyCount "95"]
[EventDate "2025.02.18"]
[EventType "swiss"]
[EventRounds "9"]
[EventCountry "ENG"]
[SourceTitle "BritBase"]
[Source "John Saunders"]
[SourceDate "2025.02.21"]
[SourceVersion "1"]
[SourceVersionDate "2025.02.21"]
[SourceQuality "1"]

1. d4 Nf6 2. c4 e6 3. Nc3 d5 4. cxd5 exd5 5. Bg5 c6 6. e3 Be7 7. Bd3 O-O 8. Qc2 h6 9. Bh4 Re8 10. Nge2 a5 11. a3 Na6 12. O-O Nc7 13. Rad1 Ne6 14. f3 b5 15. Bf2 Ba6 16. Nc1 b4 17. axb4 axb4 18. N3e2 c5 19. dxc5 Bxc5 20. Bxa6 Rxa6 21. Nd3 Bd6 22. Qd2 Qb8 23. Bg3 Bxg3 24. Nxg3 Rb6 25. Nf5 Kh7 26. Rc1 Nd7 27. Rfd1 g6 28. Ng3 Ne5 29. Qf2 Nxd3 30. Rxd3 Rb5 31. Rcd1 Qa8 32. f4 Kg7 33. b3 Qc6 34. Qb2+ Kg8 35. Qf6 Rc5 36. h4 Nc7 37. Qd4 Rc3 38. Kf2 Rxd3 39. Qxd3 h5 40. Ne2 Ra8 41. Rc1 Qd6 42. f5 Ra2 43. Kg1 Kg7 44. Nf4 Ra6 45. Rxc7 Ra1+ 46. Kh2 Qxc7 47. Qd4+ f6 48. Qxa1 1-0

[Event "Isle of Wight International"]
[Site "Ryde"]
[Date "2025.02.20"]
[Round "5.7"]
[White "Dorrance, Adam"]
[Black "Beerdsen, Thomas"]
[Result "1/2-1/2"]
[WhiteElo "2284"]
[BlackElo "2511"]
[PlyCount "112"]
[EventDate "2025.02.18"]
[EventType "swiss"]
[EventRounds "9"]
[EventCountry "ENG"]
[SourceTitle "BritBase"]
[Source "John Saunders"]
[SourceDate "2025.02.21"]
[SourceVersion "1"]
[SourceVersionDate "2025.02.21"]
[SourceQuality "1"]

1. d4 Nf6 2. c4 e6 3. Nf3 c5 4. d5 b5 5. dxe6 fxe6 6. cxb5 d5 7. Nc3 Nbd7 8. e4 d4 9. Nb1 Bb7 10. Nbd2 Nxe4 11. Bd3 Nxd2 12. Bxd2 Qf6 13. Qe2 Bd6 14. Ng5 Ne5 15. Be4 Rb8 16. Bxb7 Rxb7 17. Ne4 Qe7 18. Bf4 Nf7 19. Bxd6 Nxd6 20. a4 Nxe4 21. Qxe4 O-O 22. O-O a6 23. bxa6 Rb6 24. a5 Rxa6 25. b4 cxb4 26. Qxd4 Rf5 27. g3 Raxa5 28. Rxa5 Rxa5 29. Rb1 Rb5 30. Rb3 h6 31. h4 Qb7 32. Qd8+ Kf7 33. Qd4 Qe7 34. Qc4 Rb6 35. Qd4 Qb7 36. Kh2 Qb8 37. Kg1 Kg8 38. Kh2 Kh8 39. Kg1 e5 40. Qc5 Rb5 41. Qe7 Rb7 42. Qc5 Rb6 43. Kh2 Rb5 44. Qe7 Kh7 45. Kg1 Qb7 46. Qd6 Qe4 47. Qd2 Qc4 48. Qb2 Kh8 49. Kg2 Qe4+ 50. Kh2 Qd4 51. Qxd4 exd4 52. Kg2 d3 53. Kf1 Rd5 54. Ke1 Re5+ 55. Kd2 Re2+ 56. Kxd3 Rxf2 1/2-1/2